| 000 | 01168cam a2200313 a 4500 | ||
|---|---|---|---|
| 001 | 3090306 | ||
| 003 | OSt | ||
| 005 | 20140310184337.0 | ||
| 008 | 980922s1999 nyua b 000 0 eng | ||
| 010 | _a 98045267 | ||
| 020 | _a0439147859 | ||
| 040 |
_aDLC _cDLC _dDLC |
||
| 042 | _alcac | ||
| 050 | 0 | 0 |
_aSB 347 _b.G535 1999 |
| 100 | 1 |
_aGibbons, Gail. _923032 |
|
| 245 | 1 | 4 |
_aThe pumpkin book / _cGail Gibbons. |
| 250 | _a1st ed. | ||
| 260 |
_aNew York : _bscholastic _c1999 |
||
| 300 |
_bcol. ill. ; _c27 cm. |
||
| 520 | _aDescribes how pumpkins come in different shapes and sizes, how they grow, and their traditional uses and cultural significance. Includes instructions for carving a pumpkin and drying the seeds. | ||
| 521 | _aG3 | ||
| 526 | _c570 | ||
| 650 | 0 |
_aPumpkin _xJuvenile literature. _924238 |
|
| 650 | 1 |
_aPumpkin. _924239 |
|
| 906 |
_a7 _bcbc _corignew _d1 _eocip _f19 _gy-gencatlg |
||
| 942 |
_2lcc _cBK-SCHOLAS |
||
| 999 |
_c33764 _d33764 |
||